Vista normal
Vista MARC
Entrada Topical Term
Número de registros utilizados en: 2
001 - CONTROL NUMBER
- control field: 9170
003 - CONTROL NUMBER IDENTIFIER
- control field: OSt
005 - DATE AND TIME OF LATEST TRANSACTION
- control field: 20200824202934.0
008 - FIXED-LENGTH DATA ELEMENTS
- fixed length control field: 200824|| aca||aabn | a|a d
040 ## - CATALOGING SOURCE
- Original cataloging agency: OSt
- Transcribing agency: OSt
150 ## - HEADING--TOPICAL TERM
- Topical term or geographic name entry element: Reformas pensionales
670 ## - SOURCE DATA FOUND
- Source citation: Work cat.: (OSt)6064: Escrivá, José Luis, editor 9169, Las Reformas de los Sistemas de Pensiones en Latinoamérica. Avances y Temas Pendientes /, 2010.